000 00558nam a22002057a 4500
003 koha_MIRAKIL
005 20231213100356.0
008 231213b |||||||| |||| 00| 0 ||| d
020 _b978-6-05-978122-0
040 _aTR-IsEVY
_btur
_cTR-IsEVY
082 _aFIC BAR/A
100 _aBartram, Simon.
245 0 _aAydaki adam
_bBob'un yaşamından bir gün
250 _a3. bs.
260 _bRedhouse Kidz,
_c2016
300 _a[30]
650 _aChildren's literature -- Short stories.
650 _aÇocuk edebiyatı -- Hikaye.
942 _2ddc
_cBK
999 _c18955
_d18955